| 000 | 00746nam a22002177a 4500 | ||
|---|---|---|---|
| 003 | LK-CoMWRAF | ||
| 005 | 20231213101611.0 | ||
| 008 | 231213b2001 |||||||| |||| 00| 0 eng d | ||
| 020 | _a9555820163 | ||
| 040 |
_aLK-CoMWRAF _dLK-CoMWRAF _eLK-CoMWRAF |
||
| 041 | _aeng | ||
| 082 |
_a303.66 _bUYA |
||
| 100 | _aUyangoda, Jayadeva | ||
| 130 | _aA history of ethnic conflict in Sri Lanka: recollection, reinterpretation & reconciliation | ||
| 245 |
_aBeyond negotiations: _btowards transformative peace in Sri Lanka |
||
| 260 |
_aColombo: _bMarga Institute, _c2001 |
||
| 300 |
_a29 p. ; 23 cm _bBibliography included |
||
| 490 |
_aMarga monograph series on ethnic reconciliation _vno. 13 |
||
| 650 | _aEthnic conflict- Sri Lanka | ||
| 942 | _cBK | ||
| 999 |
_c4387 _d4387 |
||